000 00692nam a2200193 i 4500
001 186034
003 ES-MaACL
005 20250730025327.0
008 160905s1943 sp |||| | spa d
100 1 _aGutiérrez Alonso, José.
_9160715
245 1 0 _aConstitución y tuberculosis /
_cpor José Gutiérrez Alonso.
260 _aBilbao :
_bImp. Edit. Moderna,
_c1943.
300 _a64 p. ;
_c23 cm.
490 1 _aMonografías de tuberculosis y enfermedades del aparato respiratorio ;
_v2
650 0 7 _aTuberculosis
_2embne
_917658
830 0 _aMonografías de tuberculosis y enfermedades del aparato respiratorio ;
_v2
_9192463
852 _aES-MaACL
_jE-4688
999 _c186034
_d186034